00682nam a2200241 a 4500001001300000003000900013005001700022008004100039020001000080082001600090100002400106245004200130260003500172300000900207500003500216505001800251650002100269700002400290902000800314942000700322952009600329999001500425nice12345678IN_TiNIC20260116011806.0050524s1919 lona grp 000 0 eng  ac10000a220.15bLAN aLancaster, G Harold aProphecy, the War, and the Near East. aLondonbMarshal Brothersc1919 a253p aincludes index and biblioraphy2 aGeneral Index aBible-Prophecies1 aLancaster, G Harold bRBA cBK 00104070aHMIbHMId2007-06-15g100.00l0o220.15 LANp7173r2007-06-15w2026-01-16yARB c3997d3997